zpět

Detail výsledku týmu

Chicago Bar & Grill ÚT, Liberec

Datum a čas kvízu

32 Celkem bodů Celkový počet nahraných bodů na tomto kvízu bez doplňovacích otázek.
1. Pořadí na kvízu Konečné umístění týmu na tomto kvízu.

Zaznamenané odpovědi

# Otázka Odpověď Body Výsledky
1. Minulý týden rozbouřil vody če... Vondráček s kolegou vyskočili na předsednický pult a hráli na kytary. 1
2. Předsedkyně ruského parlamentn... Čajkovskij 0
3. Poté, co skončil úspěšný seriá... Zkáza Dejvického divadla 1
4. Britské aerolinky Virgin Atlan... nemusí být namalované 1
5. Klub NBA Washington Wizards ot... Tomáš Satoranský 1
6. V prvních čtyřech otázkách tém... Božena Němcová, Babička 0.5
7. „Vstávej!“ ...Meduna krásně př... Karel Poláček, Muži v offsidu 0.5
8. Zde prosíme celé jméno autora... Josef Čapek, Povídání o pejskovi a kočičce 1
9. Zde nejde o první větu, ale je... Vladislav Vančura, Rozmarné léto 0
10. "V jednom kupé druhé třídy ryc... B 1